banner-ar

الرواية العالمية: قطار فى الجليد / (Record no. 34075)

MARC details
000 -الفاتح
حقل البيانات ثابتة الطول 00562nam a2200169Ia 4500
008 - عناصر البيانات ثابتة الطول - معلومات عامة
حقل البيانات ثابتة الطول 140319s9999 xx 000 0 ara d
040 ## - مصدر الفهرسة
وكالة الفهرسة الأصلية GCL /
وكالة النسخ GCL
082 04 - رقم تصنيف ديوى العشرى
رقم التصنيف 891.82
رقم المادة ل ر
100 1# - المدخل الرئيسى - إسم شخصى
الإسم الشخصى لوفراك، ماتو
245 10 - بيان العنوان
العنوان الرواية العالمية: قطار فى الجليد /
بيان المسئوليه,etc لوفراك، ماتو
260 ## - PUBLICATION, DISTRIBUTION, ETC. (IMPRINT)
تاريخ النشر أو التوزيع 1987
300 ## - الوصف المادى
التعداد 71
490 ## - بيان السلسلة
عنوان السلسلة الرواية العالمية
رقم المجلد/ التعيين التسلسلي 0
650 04 - المدخل الاضافى بالموضوع-مصطلح موضوعى
مصطلح موضوعي القصص اليوغوسلافية
942 ## - عناصر المدخل الإضافي( كوها)
مصدر التصنيف او مخطط الترفيف Dewey Decimal Classification
Koha [default] item type كتاب
260 ## - PUBLICATION, DISTRIBUTION, ETC. (IMPRINT)
-- [S.N] :
-- الهيئة المصرية العامة للكتاب ،
Holdings
حالة التراجع حالة الفقد حالة تلف ليس للاعارة المكان المؤقت الموقع الحالى تاريخ الاكتساب اجمالي اﻻعارات رقم الطلب الباركود تاريخ اخر مشاهدة تاريخ تفعيل السعر نوع وعاء كوها
        مكتبة القاهرة الكبرى مكتبة القاهرة الكبرى 03/26/2014   891.82\ل ر 80952 03/26/2014 03/26/2014 كتاب

Powered By

EGPV